000 00807nam a2200229Ia 4500
005 20250425160847.0
008 250425s9999 xx 000 0 und d
020 _a968181178X
041 _aspa
082 _a515.33
100 _aGRANVILLE, WILLIAM ANTHONY
245 0 _aCALCULO DIFERENCIAL E INTEGRAL
250 _a1A ED.
260 _aMEXICO
260 _aMéxico
_bUNION TIPOGRAFICA EDITORIAL HISPANO AMERICANA
_c1963
300 _a640
520 _aCONTIENE:-FORMULAS DE ALGEBRA-VARIABLES, FUNCIONES Y LIMITES-DERIVACION-REGLAS PARA DERIVAR FUNCIONES ALGEBRAICAS-APLICACIONES DE LA DERIVADA-DERIVADAS SUCESIVAS DE UNA FUNCION-DERIVACION DE FUNCIONES TRASCENDENTES-APLICACIONES A LAS ECUAC
650 _aCALCULO DIFERENCIAL
650 _aCALCULO INTEGRAL
942 _c01
010 _a7037
999 _c197673
_d197673